| 000 | 00000nam 2200000za 4500 |
| 001 | 9.856181 |
| 003 | CaOODSP |
| 005 | 20221107155500 |
| 007 | cr ||||||||||| |
| 008 | 180504s2018 nscbd ob f000 0 fre d |
| 040 | |aCaOODSP|bfre |
| 043 | |an-cn-nf|an-cn-nk|an-cn-ns |
| 086 | 1 |aFs70-7/2018-022F-PDF |
| 245 | 00|aMise à jour de l'état du stock de flétan (Hippoglossus hippoglossus) du plateau néo-écossais et du sud des grands bancs dans les divisions 3NOPs4VWX5Zc de l'OPANO |h[ressource électronique]. |
| 246 | 17|aRéponse des sciences : |bmise à jour de l'état du stock de flétan |
| 260 | |aDartmouth, N.-É. : |bCentre des avis scientifiques (CAS), Région des Maritimes, Pêches et océans Canada, |c2018. |
| 300 | |a11 p. : |bcarte, graph. (certaines en coul.) |
| 490 | 1 |aRéponse des sciences, |x1919-3815 ; |v2018/022 |
| 500 | |aPubl. aussi en anglais sous le titre : Stock status update of Atlantic halibut (Hippoglossus hippoglossus) on the Scotian Shelf and southern Grand Banks in NAFO divisions 3NOPs4VWX5Zc. |
| 500 | |aTitre de départ. |
| 500 | |a« Avril 2018. » |
| 504 | |aComprend des références bibliographiques (p. 10). |
| 520 | |a« Le flétan (Hippoglossus hippoglossus) est le plus grand des poissons plats; son aire de répartition s'étend sur une vaste partie de la côte est du Canada. La zone de gestion, les divisions 3NOPs4VWX5Zc de l'Organisation des pêches de l'Atlantique Nord-Ouest (OPANO), a été définie en grande partie d'après les résultats d'opérations de marquage, qui ont révélé que le flétan effectue de vastes migrations dans tout l'Atlantique Nord canadien et que les plus petits poissons se déplacent plus loin que les poissons de plus grande taille. La Gestion des ressources a demandé au Secteur des sciences de mettre à jour et d'évaluer les indicateurs d'abondance, les débarquements et les taux de mortalité par pêche estimés à partir des données de marquage pour le flétan. Cette réponse fournit des avis sur le TAC pour 2018-2019 selon les objectifs fixés et la stratégie de pêche adoptée lors de la réunion du Comité consultatif du poisson de fond de la région Scotia-Fundy tenue en mars 2015 » -- Contexte, p. [1]-2. |
| 693 | 4|aFlétan de l'Atlantique |
| 693 | 4|aZone de pêche |
| 693 | 4|aRessources halieutiques--Évaluation |
| 710 | 1 |aCanada. |bMinistère des pêches et des océans. |bRégion des Maritimes. |
| 710 | 2 |aSecrétariat canadien de consultation scientifique. |
| 775 | 08|tStock status update of Atlantic halibut (Hippoglossus hippoglossus) on the Scotian Shelf and southern Grand Banks in NAFO divisions 3NOPs4VWX5Zc |w(CaOODSP)9.856180 |
| 830 | #0|aRéponse des sciences (Secrétariat canadien de consultation scientifique)|x1919-3815 ; |v2018/022.|w(CaOODSP)9.502630 |
| 856 | 40|qPDF|s536 Ko|uhttps://publications.gc.ca/collections/collection_2018/mpo-dfo/fs70-7/Fs70-7-2018-022-fra.pdf |